Регионална библиотека "Любен Каравелов" - Русе

Моята библиотека (Запис номер 130479)

MARC детайли
000 -Лидер
Контролно поле с фиксирана дължина 02114nam a2200385 c 4500
003 - Код на организацията, давaща контролен номер
Контролно поле BLK
005 - Дата и час на последна редакция
Контролно поле 20180422111505.0
008 - Елементи от данни с фиксирана дължина
fixed length control field 180409b bul|||||r ||||||| ||bul||
010 ## - Наследен системен номер
LC control number KNG00136244000
020 ## - Международен стандартен номер на книга ISBN
Международен стандартен номер на книга ISBN 978-954-516-761-4
-- издат.: Летера - на том(кн. за учителя)
040 ## - Източник на каталожния запис
Идентификатор на билиотеката - собственик на записа BLK
041 ## - Код за език
Код за езика на текст/звукозапис или на отделно заглавие Български
Код за езика КДБФ Български
072 #7 - Код за тематичната категория
Код организация bullib
Код за тематична категория Н372
Текст Учебни предмети. Учебници Н
080 ## - УДК
Текстов определител УДК Основи на четенето. Методи на обучение в четенето
УДК код - определител по УДК 372.41
УДК определител (076)(072)
УДК - код + определител 372.41(076)(072)
100 1# - Редна дума - Автор
Автор Власева, Теодора Ангелова
Авторска отговорност първи автор
R(LIN) 368871
139 ## - Редно поле
Редна дума Власева, Теодора Ангелова
Авторски знак Влас - В 72
245 10 - Сведения за заглавието
Заглавие Моята библиотека
Подзаглавни данни Уч. помагало : С кн. за азбукарчета За том: Четене, общуване, проекти, игра, учене, групова работа, сътрудничество
Редно поле (дума) Теодора Ангелова Власева.
Том Кн. за учителя
Заглавие на том Заедно в четенето
257 ## - Страна на издаване
Страна на създаване/издаване България
260 ## - Област на издателските данни
-- Пловдив
Година на издаване 2007 -
Печатница В. Търново : Абагар
300 ## - Физическа характеристика
Размери/Мащаб 29 см
380 ## - Жанр
Жанр Обществени науки
490 1# - СЕРИИ (Колекции)
Име на серия Заедно в четенето
500 ## - Общи забележки
Забележка Серията е означена на папката. - Офс. изд. - Изд. е спечелило конкурс на М-во на културата.
650 #4 - Допълнително описание по предмет – тема
Основно описание – тема или топоним Четене - методика на преподаването - за основни училища
9 (RLIN) 246092
653 ## - Ключова дума – ненормативна
Ключова дума четене
653 ## - Ключова дума – ненормативна
Ключова дума методика на преподаването
653 ## - Ключова дума – ненормативна
Ключова дума І кл.
659 ## - Тематичен бюлетин
Тематичен бюлетин Н
760 1# - Описание на основната серия
-- - на том(кн. за учителя)
Редна дума на основното описание Власева, Теодора Ангелова
Място на издаване, издател и година Летера, 2007
Страници - том 96 с. : с ил.
Забележка - том Библиогр. с. 92.
Заглавие Кн. за учителя Заедно в четенето
852 ## - Местоположение
Форматна сигнатура Цб ІІ 17486
856 4# - Електронен адрес и достъп
Електронен формат pdf - файл
Път до файла /url/
856 4# - Електронен адрес и достъп
Електронен формат pdf - файл
Път до файла /url/
942 ## - АРТИКУЛИ
Вид на библиотечния материал Книги
Скрит в OPAC Не
944 ## - СЪЗДАВАНЕ И РЕДАКЦИЯ на ЗАПИСА
Създаване/Редакция Създаване
Дата на регистрацията/редакция 15.11.2012
Статус, дата на статуса ф /
Служител, извършил регистрацията/редакцията Людмила_Стоянова
944 ## - СЪЗДАВАНЕ И РЕДАКЦИЯ на ЗАПИСА
Създаване/Редакция Редакция
Дата на регистрацията/редакция 19.07.2013
Статус, дата на статуса ф /
Служител, извършил регистрацията/редакцията
999 ## - СИСТЕМНИ КОНТРОЛНИ НОМЕРА
Koha biblionumber 130479
Koha biblioitemnumber 130479
Наличности
Код за отписване Код за изгубен артикул Източник на класификационната схема Код за повреда Коз за рестрикции Код за отдаване Артикулен № Име на библиотеката - собственик Име на библиотеката, в която се намира в момента Статус (Текущо местоположение) Дата на вписване в системата Местоположение - отдел Цена в лева Инвентарен номер Систематично азбучна сигнатура Баркод Номер на екземпляра Цена в евро Служебна бележка Служебен тип на артикула
  Не е изгубен Universal Decimal Classification Не е повреден без рестрикции заемане за дома 212153 Регионална библиотека "Любен Каравелов" Русе Регионална библиотека "Любен Каравелов" Русе Детски отдел 2012-11-16 Детски отдел 2.22 120000761020 ДН 373.3.016:028/В 72 Т 120000761020 1 1.14 Дост: Pk Вид: Ф N: 4544 Дата: 08.11.2012 Дата инв: 25.08.2015 Бележки инв: Д2015 Книги
Vip Innovations Ltd, Rousse, Bulgaria 2025